000
00315nam a22001457a 4500
008
210602b ||||| |||| 00| 0 eng d
020
_a
1856490955
041
_a
eng
080
_a
574
082
_a
574
100
_a
9
101
_a
MJE
245
_a
Ecological Tax Reform
_c
Jochen Jesinghaus
942
_2
udc
_c
BK
999
_c
57891
_d
57891